000
00300nam a22001337a 4500
008
170914b xxu||||| |||| 00| 0 eng d
020
_a
9780130283177
041
_a
eng
080
_2
4TH
_a
7
100
_a
44
101
_a
ART
245
_a
A SHORT COURSE IN PHOTOGRAPHY
_c
LONDON,B
942
_2
udc
_c
BK
999
_c
27683
_d
27683